MARC

LEADER 00000nam0a2200000 4500
001 45532
005 20231101210946.0
010 |a 5947020106 
035 |a (RuTPU)RU\TPU\book\47412 
090 |a 45532 
100 |a 20021211d2002 m y0rusy50 ca 
101 0 |a rus 
102 |a RU 
105 |a сf z 000zy 
200 1 |a 11 сентября 2001. Первый день новой эры  |f сост. О. Фочкин ; А. Яшлавский 
210 |a Москва  |c Тайдекс Ко  |d 2001 
215 |a 352 с.  |c ил. 
225 1 |a Антитеррор 
606 1 |a Америка  |x Внутренняя политика  |2 stltpush  |3 (RuTPU)RU\TPU\subj\28882  |9 52345 
606 1 |a Международная безопасность  |x Международные проблемы  |2 stltpush  |3 (RuTPU)RU\TPU\subj\71831  |9 85562 
610 1 |a политика 
610 1 |a внешняя политика 
610 1 |a США 
610 1 |a международный терроризм 
610 1 |a 11 сентября 2001 
686 |a Ф3(7США)3  |v LBC/SL-A  |2 rubbk 
686 |a Ф4(0)3  |v LBC/SL-A  |2 rubbk 
702 1 |a Фочкин  |b О.  |g Олег  |4 220  |4 070 
702 1 |a Яшлавский  |b А.  |g Андрей  |4 220  |4 070 
801 1 |a RU  |b 63413507  |c 20021211  |g PSBO 
801 2 |a RU  |b 63413507  |c 20140204  |g PSBO 
942 |c BK